Statistics for Biggest Cities in Countries that Start with M

Click here to take the quiz!

General Stats

  • This quiz has been taken 125 times
  • The average score is 9 of 20

Answer Stats

PopulationCity% Correct
22,100,000Mexico City
95%
4,975,000Guadalajara
74%
7,000,000Kuala Lumpur
74%
1,300,000Ulaanbaatar
67%
2,950,000Bamako
62%
4,650,000Monterrey
62%
4,145,000Casablanca
59%
2,200,000Maputo
57%
1,880,000Tijuana
55%
1,920,000Rabat
54%
2,225,000Antananarivo
53%
5,150,000Yangon
50%
2,975,000Puebla
43%
1,440,000Ciudad Juarez
33%
1,800,000Leon
26%
1,400,000Mandalay
23%
2,150,000Toluca
20%
1,550,000George Town
13%
1,300,000Torreon
10%
1,280,000Queretaro
6%

Score Distribution

Percentile by Number Answered

Percent of People with Each Score

Your Score History

You have not taken this quiz